ALL Pennsylvania Cities - Statistics

General Stats
  • This quiz has been taken 194 times
  • The average score is 22 of 56
Answer Stats
County City / Town % Correct
P Philadelphia Philadelphia
95%
P Allegheny Pittsburgh
94%
E Erie Erie
88%
S Lackawanna Scranton
86%
L Lancaster Lancaster
84%
A Lehigh Allentown
83%
H Dauphin Harrisburg
81%
Y York York
80%
C Delaware Chester
71%
B Lehigh Northampton Bethlehem
70%
R Berks Reading
70%
W Luzerne Wilkes-Barre
66%
B Butler Butler
63%
W Washington Washington
63%
A Blair Altoona
61%
L Lebanon Lebanon
61%
J Cambria Johnstown
54%
E Northampton Easton
50%
W Warren Warren
49%
W Lycoming Williamsport
49%
H Luzerne Hazleton
47%
G Westmoreland Greensburg
35%
O Venango Oil City
35%
M Allegheny McKeesport
34%
P Schuylkill Pottsville
34%
U Fayette Uniontown
31%
B Beaver Beaver Falls
29%
N Lawrence New Castle
28%
B McKean Bradford
27%
F Venango Franklin
27%
M Crawford Meadville
27%
D Clearfield DuBois
26%
S Elk St. Marys
25%
L Clinton Lock Haven
24%
A Beaver Aliquippa
22%
S Mercer Sharon
22%
T Crawford Titusville
22%
C Lackawanna Carbondale
19%
C Chester Coatesville
19%
H Mercer Hermitage
19%
S Northumberland Sunbury
17%
D Allegheny Duquesne
16%
J Westmoreland Jeannette
16%
N Luzerne Nanticoke
16%
P Luzerne Pittston
16%
C Allegheny Clairton
15%
C Erie Corry
14%
N Westmoreland New Kensington
14%
C Fayette Connellsville
12%
M Westmoreland Monessen
12%
M Washington Monongahela
11%
A Westmoreland Arnold
10%
F Mercer Farrell
9%
L Westmoreland Lower Burrell
9%
S Northumberland Shamokin
9%
P Armstrong Parker
6%
No matching quizzes found
Score Distribution
Percent of People with Each Score
Percentile by Number Answered
Your Score History
You have not taken this quiz